000 00683nam a2200169Ia 4500
008 100122s9999 xx 000 0 und d
082 _b35752
_a294.5
100 _aपंडित विदयाधर
245 _aहिंदुधर्म आणि सुधारणा (क.क्र. 18/2)
260 _bमहादेव शिवराम गोळे
300 _a407
520 _aहिंदुधर्म
620 _aहिंदुधर्म
630 _aहिंदुधर्म आणि सुधारणा (क.क्र. 18/2)
730 _aहिंदुधर्म आणि सुधारणा (क.क्र. 18/2)
942 _cBOOK
999 _c418817
_d418814